|
|
|
|
| LEADER |
00000cam a2200000 7i4500 |
| 001 |
0000007839 |
| 005 |
20211208093000.0 |
| 008 |
021119n |
| 020 |
|
|
|a 0804811873
|
| 050 |
0 |
0 |
|a GV1114
|b .O82 1983
|
| 090 |
0 |
0 |
|a GV1114
|b .O82 1983
|
| 100 |
0 |
|
|a Otaki, Tadao ,
|d 1908- ,
|e author
|
| 245 |
0 |
0 |
|a Judo, formal techniques :
|b a complete guide to Kodokan Bandori no kata
|c by Tadao Otaki and Donn F. Draeger
|
| 260 |
2 |
|
|a Rutland, vt. :
|b Charles E. Tuttle ,
|c c1983
|
| 300 |
|
|
|a 451 p. ; ;
|c 24 cm.
|
| 650 |
|
0 |
|a Judo
|
| 700 |
0 |
|
|a Draeger, Donn F. ,
|e author
|
| 999 |
|
|
|a 1000010339
|b Book
|c OPEN SHELF (30 DAYS)
|e Gong Badak Campus
|